000 00472nam a2200181Ia 4500
001 8650
005 20260306160625.0
008 260306t1996||||xx |||||||||||||| ||spa||
041 _aESP
082 _a371.207
_bK18
100 _aKalinowski, Dina
_eAUT
245 0 _aEscuelas que construyen democracia:
_bsiete experiencias innovadoras en el Perú
260 _c1996
300 _a175 páginas :
_c23 cm.
650 _aGEN
654 _aCED
942 _cLIB
_dJUS
_fJUS
_2ddc
_n
999 _c8650
_d8650